000 00949 a2200169 4500
003 Nust
005 20230308123756.0
040 _cNust
082 _a338.47,PLA
100 _aPlastes
_9110004
245 _aPlastics in industry /
_cPlastes
260 _aLondon
_bChapman
_c1945
300 _a248 p.
505 _aDefinitions And The Plastic Industry (Page-1), Thermo-Plastic And Thermo-Setting Resins (Page-4), Specifications (Page-34), Moulding And Fabrication Technique (Page-45), Engineering And Mechanical Machinery (Page-56), The Electrical Industry (Page-74), Aircraft Construction (Page-95), Motor Car Manufacture (Page-113), Textile Industry (Page-130), Building Industry (Page-147), Insulation (Page-159), Synthetic Glues (Page-162), Synthetic Rubber In Modern Industry (Page-174), Fancy Good Trade (Page-184), Furniture (Page-191), Packaging And Display (Page-202).
650 _aRole of plastics in industry
_9110005
942 _2ddc
_cBK
999 _c184528
_d184528